<?xml version="1.0" encoding="UTF-8"?>
<record
    xmlns:xsi="http://www.w3.org/2001/XMLSchema-instance"
    xsi:schemaLocation="http://www.loc.gov/MARC21/slim http://www.loc.gov/standards/marcxml/schema/MARC21slim.xsd"
    xmlns="http://www.loc.gov/MARC21/slim">

  <leader>02285nam a22003137a 4500</leader>
  <controlfield tag="003">OSt</controlfield>
  <controlfield tag="005">20251104104736.0</controlfield>
  <controlfield tag="008">250910b        |||||||| |||| 00| 0 eng d</controlfield>
  <datafield tag="020" ind1=" " ind2=" ">
    <subfield code="a">2055-2077</subfield>
  </datafield>
  <datafield tag="020" ind1=" " ind2=" ">
    <subfield code="a">0267-257X</subfield>
  </datafield>
  <datafield tag="040" ind1=" " ind2=" ">
    <subfield code="a">English</subfield>
    <subfield code="c">tbs</subfield>
  </datafield>
  <datafield tag="041" ind1=" " ind2=" ">
    <subfield code="a">English</subfield>
  </datafield>
  <datafield tag="100" ind1=" " ind2=" ">
    <subfield code="a">Lloveras, Javier</subfield>
    <subfield code="9">26404</subfield>
  </datafield>
  <datafield tag="245" ind1=" " ind2=" ">
    <subfield code="a">Sustainability marketing beyond sustainable development</subfield>
    <subfield code="c">/ Javier Lloveras, Adam P. Marshall, James S. Vandeventer and Mario Pansera </subfield>
    <subfield code="b">: towards a degrowth agenda</subfield>
  </datafield>
  <datafield tag="260" ind1=" " ind2=" ">
    <subfield code="b">Journal of Marketing Management</subfield>
    <subfield code="c">2022</subfield>
  </datafield>
  <datafield tag="362" ind1=" " ind2=" ">
    <subfield code="a">Journal of Marketing Management. Dec2022, Vol. 38 Issue 17/18, p2055-2077. 23p</subfield>
  </datafield>
  <datafield tag="520" ind1=" " ind2=" ">
    <subfield code="a">Drawing on ecological economics, post-development studies, and political ecology, this paper argues that sustainable development notions have run their course within sustainability marketing debates and proposes degrowth as an alternative framework to steer disciplinary debates in new directions. We chart unexplored territory, offering sustainability marketing scholars tools to navigate degrowth-minded policies, transformative frameworks, and business models. In doing so, our work contributes to existing sustainability marketing debates in three ways: first, we respond to the paucity of studies engaging with the political economy of sustainability marketing. Second, we make visible the tensions and contradictions that arise as marketers seek to reconcile imperatives of economic growth and sustainability. Finally, we foreground degrowth as an emerging sustainability proposition, with potential for inspiring the radical set of transformations required to avert catastrophic climate change and keep global temperatures well below +2&#xB0;C (relative to pre-industrial levels), as pledged in the Paris Agreement.</subfield>
  </datafield>
  <datafield tag="653" ind1=" " ind2=" ">
    <subfield code="a">Sustainable development</subfield>
  </datafield>
  <datafield tag="653" ind1=" " ind2=" ">
    <subfield code="a">Global temperature changes</subfield>
  </datafield>
  <datafield tag="653" ind1=" " ind2=" ">
    <subfield code="a">Ecological economics</subfield>
  </datafield>
  <datafield tag="653" ind1=" " ind2=" ">
    <subfield code="a">Transformative learning</subfield>
  </datafield>
  <datafield tag="653" ind1=" " ind2=" ">
    <subfield code="a">Political ecology</subfield>
  </datafield>
  <datafield tag="653" ind1=" " ind2=" ">
    <subfield code="a">Marketing</subfield>
  </datafield>
  <datafield tag="700" ind1=" " ind2=" ">
    <subfield code="a">Marshall, Adam P.</subfield>
    <subfield code="9">26405</subfield>
  </datafield>
  <datafield tag="700" ind1=" " ind2=" ">
    <subfield code="a">Vandeventer, James S.</subfield>
    <subfield code="9">26406</subfield>
  </datafield>
  <datafield tag="700" ind1=" " ind2=" ">
    <subfield code="a">Pansera, Mario</subfield>
    <subfield code="9">26407</subfield>
  </datafield>
  <datafield tag="856" ind1=" " ind2=" ">
    <subfield code="u">https://bibliotheque.tbs-education.fr/Default/doc/bth/161969637/sustainability-marketing-beyond-sustainable-development-towards-a-degrowth-agenda</subfield>
  </datafield>
  <datafield tag="942" ind1=" " ind2=" ">
    <subfield code="2">lcc</subfield>
  </datafield>
  <datafield tag="952" ind1=" " ind2=" ">
    <subfield code="0">0</subfield>
    <subfield code="1">0</subfield>
    <subfield code="2">lcc</subfield>
    <subfield code="4">0</subfield>
    <subfield code="7">0</subfield>
    <subfield code="a">TBS</subfield>
    <subfield code="b">TBS</subfield>
    <subfield code="d">2025-11-04</subfield>
    <subfield code="l">0</subfield>
    <subfield code="r">2025-11-04</subfield>
    <subfield code="u">https://bibliotheque.tbs-education.fr/Default/doc/bth/161969637/sustainability-marketing-beyond-sustainable-development-towards-a-degrowth-agenda</subfield>
    <subfield code="w">2025-11-04</subfield>
    <subfield code="y">ARTICLE</subfield>
  </datafield>
  <datafield tag="999" ind1=" " ind2=" ">
    <subfield code="c">5138</subfield>
    <subfield code="d">5138</subfield>
  </datafield>
</record>
